000 00338nam a2200145 a 4500
008 030305s1974||||xx 0 und c
040 _aSNK
_bslo
_cSNK
_eAACR2
100 1 _aLanoux, Armand
245 1 0 _aKeď nastáva odliv
260 _aBratislava
_bPravda
_c1974
300 _a286 s.
044 _axo
_cSK
041 _aslo
020 _c21
999 _c12085
_d12085